000 00687nam a2200289Ia 4500
005 20260324140507.0
008 008 260324s9999 xx 000 0 eng d
020 _a9780203948149
037 _aEBOOK
040 _aCRL
040 _beng
040 _cCRL
041 _2eng
041 _aeng
084 _qCRL
100 _aJessica Benjamin
_91204603
245 0 _aShadow of the Other
245 0 _bIntersubjectivity and Gender in Psychoanalysis
260 _bTaylor and Francis
260 _c1998
365 _a
365 _b220
856 _uhttp://www.taylorfrancis.com/books/9780203948149
942 _cEBOOK
999 _c1806752
_d1806752